<?xml version="1.0" encoding="UTF-8"?>
<record
    xmlns:xsi="http://www.w3.org/2001/XMLSchema-instance"
    xsi:schemaLocation="http://www.loc.gov/MARC21/slim http://www.loc.gov/standards/marcxml/schema/MARC21slim.xsd"
    xmlns="http://www.loc.gov/MARC21/slim">

  <leader>01159nam0a2200325   4500</leader>
  <controlfield tag="001">RU\NLR\bibl\1824719</controlfield>
  <controlfield tag="005">20250616162209.0</controlfield>
  <datafield tag="010" ind1=" " ind2=" ">
    <subfield code="a">978-5-17-074025-3</subfield>
    <subfield code="b">&#x410;&#x421;&#x422;</subfield>
  </datafield>
  <datafield tag="010" ind1=" " ind2=" ">
    <subfield code="a">978-5-271-36547-8</subfield>
    <subfield code="b">&#x410;&#x441;&#x442;&#x440;&#x435;&#x43B;&#x44C;</subfield>
  </datafield>
  <datafield tag="010" ind1=" " ind2=" ">
    <subfield code="a">978-5-226-04206-5</subfield>
    <subfield code="9">11000</subfield>
    <subfield code="b">&#x412;&#x41A;&#x422;</subfield>
  </datafield>
  <datafield tag="021" ind1=" " ind2=" ">
    <subfield code="a">RU</subfield>
    <subfield code="b">2011-75083</subfield>
    <subfield code="9">5336</subfield>
  </datafield>
  <datafield tag="035" ind1=" " ind2=" ">
    <subfield code="a">(NLR Aleph) 001815252</subfield>
  </datafield>
  <datafield tag="090" ind1=" " ind2=" ">
    <subfield code="a">1928755</subfield>
    <subfield code="c">1928755</subfield>
  </datafield>
  <datafield tag="100" ind1=" " ind2=" ">
    <subfield code="a">20111024d2011    |||y0rusy50      ca</subfield>
  </datafield>
  <datafield tag="101" ind1="1" ind2=" ">
    <subfield code="a">rus</subfield>
    <subfield code="c">eng</subfield>
  </datafield>
  <datafield tag="102" ind1=" " ind2=" ">
    <subfield code="a">RU</subfield>
  </datafield>
  <datafield tag="105" ind1=" " ind2=" ">
    <subfield code="a">y   |||||||||</subfield>
  </datafield>
  <datafield tag="200" ind1="1" ind2=" ">
    <subfield code="a">&#x41F;&#x440;&#x438;&#x447;&#x443;&#x434;&#x44B; &#x430;&#x440;&#x438;&#x441;&#x442;&#x43E;&#x43A;&#x440;&#x430;&#x442;&#x43E;&#x432;</subfield>
    <subfield code="e">[&#x441;&#x431;&#x43E;&#x440;&#x43D;&#x438;&#x43A;]</subfield>
    <subfield code="f">[&#x43F;&#x435;&#x440;. &#x441; &#x430;&#x43D;&#x433;&#x43B;. &#x412;.&#x410;. &#x421;&#x443;&#x445;&#x430;&#x43D;&#x43E;&#x432;&#x43E;&#x439;]</subfield>
  </datafield>
  <datafield tag="210" ind1=" " ind2=" ">
    <subfield code="a">&#x41C;&#x43E;&#x441;&#x43A;&#x432;&#x430;</subfield>
    <subfield code="c">&#x410;&#x421;&#x422;</subfield>
    <subfield code="c">&#x410;&#x441;&#x442;&#x440;&#x435;&#x43B;&#x44C;</subfield>
    <subfield code="c">&#x412;&#x43B;&#x430;&#x434;&#x438;&#x43C;&#x438;&#x440;</subfield>
    <subfield code="c">&#x412;&#x41A;&#x422;</subfield>
    <subfield code="d">2011</subfield>
  </datafield>
  <datafield tag="215" ind1=" " ind2=" ">
    <subfield code="a">285, [2] &#x441;.</subfield>
    <subfield code="d">17</subfield>
  </datafield>
  <datafield tag="225" ind1="1" ind2=" ">
    <subfield code="a">&#x41E;&#x447;&#x430;&#x440;&#x43E;&#x432;&#x430;&#x43D;&#x438;&#x435;</subfield>
  </datafield>
  <datafield tag="225" ind1="1" ind2=" ">
    <subfield code="a">&#x43C;&#x438;&#x43D;&#x438; &#x428;&#x410;&#x420;&#x41C;</subfield>
  </datafield>
  <datafield tag="300" ind1=" " ind2=" ">
    <subfield code="a">&#x41D;&#x430; &#x43E;&#x431;&#x43B;. &#x430;&#x432;&#x442;.: &#x414;&#x436;&#x443;&#x43B;&#x438;&#x44F; &#x41A;&#x443;&#x438;&#x43D;, &#x41C;&#x438;&#x430; &#x420;&#x430;&#x439;&#x430;&#x43D;</subfield>
  </datafield>
  <datafield tag="327" ind1="1" ind2=" ">
    <subfield code="a">&#x421;&#x43E;&#x434;&#x435;&#x440;&#x436;.: &#x41F;&#x435;&#x440;&#x432;&#x44B;&#x439; &#x43F;&#x43E;&#x446;&#x435;&#x43B;&#x443;&#x439; / &#x414;&#x436;&#x443;&#x43B;&#x438;&#x44F; &#x41A;&#x443;&#x438;&#x43D;. &#x41F;&#x43E;&#x441;&#x43B;&#x435;&#x434;&#x43D;&#x435;&#x435; &#x438;&#x441;&#x43A;&#x443;&#x448;&#x435;&#x43D;&#x438;&#x435; / &#x41C;&#x438;&#x430; &#x420;&#x430;&#x439;&#x430;&#x43D;</subfield>
  </datafield>
  <datafield tag="801" ind1=" " ind2="0">
    <subfield code="a">RU</subfield>
    <subfield code="b">NLR</subfield>
    <subfield code="c">20111024</subfield>
    <subfield code="g">RCR</subfield>
  </datafield>
  <datafield tag="801" ind1=" " ind2="1">
    <subfield code="a">RU</subfield>
    <subfield code="b">NLR</subfield>
    <subfield code="c">20111024</subfield>
  </datafield>
  <datafield tag="942" ind1=" " ind2=" ">
    <subfield code="c">BOOK</subfield>
  </datafield>
  <datafield tag="980" ind1=" " ind2=" ">
    <subfield code="a">NB</subfield>
  </datafield>
  <datafield tag="980" ind1=" " ind2=" ">
    <subfield code="a">NBR</subfield>
  </datafield>
  <datafield tag="995" ind1=" " ind2=" ">
    <subfield code="5">2011-10-24</subfield>
    <subfield code="a">ad</subfield>
    <subfield code="b">NLR01</subfield>
    <subfield code="c">NLR01</subfield>
    <subfield code="e">RF8</subfield>
    <subfield code="f">3516249</subfield>
    <subfield code="k">2011-2/4210</subfield>
    <subfield code="o">0</subfield>
    <subfield code="r">BOOK</subfield>
    <subfield code="s">201124210_</subfield>
  </datafield>
  <datafield tag="995" ind1=" " ind2=" ">
    <subfield code="5">2011-10-24</subfield>
    <subfield code="a">ad</subfield>
    <subfield code="b">NLR01</subfield>
    <subfield code="c">NLR01</subfield>
    <subfield code="e">RF8</subfield>
    <subfield code="f">3516250</subfield>
    <subfield code="k">2011-2/4210</subfield>
    <subfield code="o">0</subfield>
    <subfield code="r">BOOK</subfield>
    <subfield code="s">201124210_</subfield>
  </datafield>
</record>
